Electromechanical energy conversion (Record no. 7935)

000 -LEADER
fixed length control field 00468nam a22001817a 4500
001 - CONTROL NUMBER
control field 7935
003 - CONTROL NUMBER IDENTIFIER
control field BD-DhUET
008 - FIXED-LENGTH DATA ELEMENTS--GENERAL INFORMATION
fixed length control field 141214b xxu||||| |||| 00| 0 eng d
040 ## - CATALOGING SOURCE
Original cataloging agency DLC
Transcribing agency DLC
Modifying agency BD-DhUET
082 ## - DEWEY DECIMAL CLASSIFICATION NUMBER
Classification number 623.13
Item number GOU/1965
100 ## - MAIN ENTRY--PERSONAL NAME
Personal name Gourishankar, Vembu
245 ## - TITLE STATEMENT
Title Electromechanical energy conversion
250 ## - EDITION STATEMENT
Edition statement 1st ed.
260 ## - PUBLICATION, DISTRIBUTION, ETC. (IMPRINT)
Place of publication, distribution, etc. Scranton
Name of publisher, distributor, etc. International textbook
Date of publication, distribution, etc. 1965
300 ## - PHYSICAL DESCRIPTION
Extent xviii, 564p.
Other physical details ill.
650 #0 - SUBJECT ADDED ENTRY--TOPICAL TERM
Topical term or geographic name as entry element Electric machinery
942 ## - ADDED ENTRY ELEMENTS (KOHA)
Koha item type General Book
Holdings
Source of classification or shelving scheme Price effective from Copy number Lost status Damaged status Not for loan Location (home branch) Piece designation (barcode) Date acquired Koha normalized classification for sorting Withdrawn status Koha item type Sublocation or collection (holding branch) Koha date last seen Koha full call number Shelving location
 2014-12-141   Central Library, BUET164942014-12-14623_130000000000000_GOU_1965 General BookCentral Library, BUET2014-12-14623.13/GOU/1965Circulation section
 2015-05-032   Central Library, BUET190142015-05-03623_130000000000000_GOU_1965 General BookCentral Library, BUET2015-05-03623.13/GOU/1965Circulation section
 2015-05-033   Central Library, BUET164932015-05-03623_130000000000000_GOU_1965 General BookCentral Library, BUET2015-05-03623.13/GOU/1965Circulation section
 2015-05-034   Central Library, BUET164922015-05-03623_130000000000000_GOU_1965 General BookCentral Library, BUET2015-05-03623.13/GOU/1965Circulation section
 2015-05-035   Central Library, BUET164962015-05-03623_130000000000000_GOU_1965 General BookCentral Library, BUET2015-05-03623.13/GOU/1965Circulation section
 2015-05-036   Central Library, BUET164952015-05-03623_130000000000000_GOU_1965 General BookCentral Library, BUET2015-05-03623.13/GOU/1965Circulation section
 2015-07-127   Central Library, BUET265242015-07-12623_130000000000000_GOU_1965 General BookCentral Library, BUET2015-07-12623.13/GOU/1965Circulation section